00306nam a2200133Ia 4500003000900000008004100009040001300050040001300063245006300076245001100139260000800150300000800158490000600166IT-RoPAU120407s9999 xx 000 0 und d aIT-RoPAU cIT-RoPAU aLineamenti per una ratio institutionis sacerdotalis (1968) cAA.VV. aCei c cm v1